000
00334nam a2200145Ia 4500
008
150201s1999 xx 000 0 und d
082
_a
646.33
_b
N99H
100
_a
HUGGINS, KATHLEEN
245
_a
THE NURSING MOTHER'S COMPANION
250
_a
4TH
260
_b
HARVERD
_c
1999
300
_a
284
650
_a
NURSING
942
_2
ddc
_c
BK
999
_c
2261
_d
2261